Ako koncipovať programy štruktúrnej adaptácie?

Ciele programov štruktúrnych zmien. Zložky udržateľného politického prostredia, t.j. prostredia, ktoré predchádza neočakávaným šokom. Efektívnosť z ekonomickej liberalizácie ako nástroja programov štruktúrnych zmien. Ukazovatele neudržateľnosti v makroekonomickej sfére.

Uložené v:
Podrobná bibliografia
Hlavný autor: Rodrik, Dani
Médium: Kapitola
Jazyk:Slovak
Predmet:
Tagy: Pridať tag
Žiadne tagy, Buďte prvý, kto otaguje tento záznam!

MARC

LEADER 00000naa a2200000 4500
001 r011316
005 20220831090028.4
041 0 |a slo 
044 |a [CS] 
245 1 0 |a Ako koncipovať programy štruktúrnej adaptácie?  |c D. Rodrik 
520 |a Ciele programov štruktúrnych zmien. Zložky udržateľného politického prostredia, t.j. prostredia, ktoré predchádza neočakávaným šokom. Efektívnosť z ekonomickej liberalizácie ako nástroja programov štruktúrnych zmien. Ukazovatele neudržateľnosti v makroekonomickej sfére. 
610 2 0 |a zmeny štruktúrne 
610 2 0 |a adaptácia 
610 2 0 |a liberalizácia 
610 2 0 |a makroekonomika 
610 2 0 |a ceny 
610 2 0 |a obchod 
610 2 0 |a financie 
610 2 0 |a politika hospodárska 
610 2 0 |a reformy hospodárske 
610 2 0 |a krajiny rozvojové 
100 1 |a Rodrik, Dani